ბათუმის შოთა რუსთაველის სახელმწიფო უნივერსიტეტის ბიბლიოთეკა

Новая и новейшая история. №2 2014. Март-апрель (ბიბ.ჩანაწერი № 42849)

000 -LEADER
fixed length control field 00511nam a2200181Ia 4500
001 - CONTROL NUMBER
control field 9555
003 - CONTROL NUMBER IDENTIFIER
control field GE_BSU
008 - FIXED-LENGTH DATA ELEMENTS--GENERAL INFORMATION
fixed length control field 181216s||||||||xx |||||||||||||| ||und||
040 ## - CATALOGING SOURCE
Transcribing agency GE_BSU
245 ## - TITLE STATEMENT
Title Новая и новейшая история. №2 2014. Март-апрель
245 ## - TITLE STATEMENT
Statement of responsibility, etc. ред. Г. Г. Акимова и др.
260 ## - PUBLICATION, DISTRIBUTION, ETC.
Place of publication, distribution, etc. Москва
260 ## - PUBLICATION, DISTRIBUTION, ETC.
Name of publisher, distributor, etc. Наука
260 ## - PUBLICATION, DISTRIBUTION, ETC.
Date of publication, distribution, etc. 2014
300 ## - PHYSICAL DESCRIPTION
Extent 224стр.24см.
653 ## - INDEX TERM--UNCONTROLLED
Uncontrolled term Новая и новейшая история
942 ## - ADDED ENTRY ELEMENTS (KOHA)
Koha item type პერიოდიკა
ეგზემპლარები
Withdrawn status Lost status Damaged status Not for loan Date acquired Barcode Date last seen Price effective from Koha item type
        2018-12-17 Р76199 2018-12-17 2018-12-17 პერიოდიკა